000 00604nam a2200229Ia 4500
003 OSt
005 20221007064522.0
006 a|||||r|||| 00| 0
007 ta
008 221006b |||||||| |||| 00| 0 eng d
024 _a24,205
037 _cTextual
040 _aFLL
_cFLL
_beng
041 _2eng
_aeng
082 _aZ2:34, H3
100 _aNayyar V.S.
_9685921
245 0 _aLaw & practice of hire & hire purchase
260 _aDelhi
_bFederal Law Depot India
_c1943
300 _aii,1-123p
_ccm.
942 _hZ2:34, H3
_cTEXL
_2CC
999 _c1134327
_d1134327